000 00818cam a2200217 a 4500
001 1000138
005 20240222061520.0
008 861121s1986 ii b 000 0 eng c
020 _a0862322642 (Zed Books) :
020 _a0862322650 (Zed Books : pbk.) :
040 _aMH
_cMH
_dDLC
082 0 0 _a322.4.
_219
_bFEM.
100 1 _aJayawardena, Kumari.
245 1 0 _aFeminism and nationalism in the Third World /
_cKumari Jayawardena.
260 _aNew Delhi :
_bKali for Women ;
_aLondon :
_bZed Books ;
_aTotowa, N.J. :
_bU.S. Distributor, Biblio Distribution Center,
_c1986.
300 _a275 p. ;
500 _aRevised and expanded version of: Feminism and nationalism in the Third World in the 19th and early 20th centuries.
650 0 _aNationalism and feminism
650 0 _aNationalism and feminism
942 _cL
999 _c479
_d479